Remark about one construction of functions with given sets of points with infinite limit

Bibliographic Details
Main Author: Vrábel, Peter, 1949- (Author)
Format: Article
Language:Slovak
English
ISBN:8080508968
Subjects:

MARC

LEADER 00000nab a2200000 a 4500
001 vtls009159340
003 SK-MaSNL
005 20260304152417.0
008 250506c2005 xo |||||||||||000 b|slo
015 |a SNBRA2007/11  |2 snkbucl 
035 |a (uuid)12abf8f8-7d90-49f7-a41b-d5e136f99b59 
035 |a urn:nbn:sk:snk-ab1157 
035 |a (urnnbn)urn:nbn:sk:snk:ar-004yh8 
038 |a SNKBUCL 
040 |a SNKBUCL  |b slo  |c SNKBUCL  |e AACR2 
041 0 |a eng  |b eng 
044 |a xo  |c SK 
080 |a 517.51  |2 2001 
100 1 |a Vrábel, Peter,  |d 1949-  |4 aut  |9 198160 
245 1 0 |a Remark about one construction of functions with given sets of points with infinite limit  |c Peter Vrábel 
504 |a Bibliogr. odkazy 
546 |a Res. angl. 
650 0 7 |a reálne funkcie  |2 snkbucl  |9 87399 
650 0 7 |a nekonečná limita funkcie  |2 snkbucl  |9 1474706 
773 0 |t Acta mathematica 8  |d Nitra : Fakulta prírodných vied UKF, 2005  |g S. 47-50  |z 8080508968 
850 |a Slovenská národná knižnica 
852 |a Slovenská národná knižnica 
958 |a article27 
958 |a NB 
958 |a OND 
958 |a EUIPO 
999 |c 2948849  |d 2950779